Online Catalogue and eLibrary

Raagini (Record no. 5196)

MARC details
000 -LEADER
fixed length control field 00353nam a2200157Ia 4500
005 - DATE AND TIME OF LATEST TRANSACTION
control field 20250428014326.0
008 - FIXED-LENGTH DATA ELEMENTS--GENERAL INFORMATION
fixed length control field 240331s9999 xx 000 0 und d
020 ## - INTERNATIONAL STANDARD BOOK NUMBER
ISBN 9555735557
082 ## - DDC Classification
Item Number - Author Mark HAT
Class No. 891
100 ## - MAIN ENTRY--PERSONAL NAME
Personal name Haththaka,M
245 #0 - TITLE STATEMENT
Title Raagini
260 ## - PUBLICATION, DISTRIBUTION, ETC.
Place of publication, distribution, etc. Nugegoda
Name of publisher, distributor, etc. Sarasavi Books
Date of publication, distribution, etc. 2007
300 ## - PHYSICAL DESCRIPTION
Extent (e.g. Volumes, Pages etc.) 226 p .,
650 ## - SUBJECT ADDED ENTRY--TOPICAL TERM
Topical term or geographic name entry element A Novel
942 ## - Koha item type (Biblio)
Koha item type Books in Stacks (Lending)
Holdings
Lost status Damaged status Collection code Home library Current library Shelving location Date acquired Full call number Accession Number Item type
    Lending WERC Library WERC Library Social Science Cupboard 03/31/2024 891.08 HAT 6308 Books in Stacks (Lending)

© WERC Library